Opening Day Lineups: Athletics - Statistics

General Stats
  • This quiz has been taken 340 times
    50 since last reset
  • The average score is 32 of 87
Answer Stats
# Starts Answer % Correct
1 Jacob Wilson
77%
2 Lawrence Butler
77%
1 Luis Severino
77%
3 Shea Langeliers
77%
2 Billy Butler
73%
4 Coco Crisp
73%
4 Matt Olson
73%
2 Brent Rooker
68%
2 Josh Donaldson
68%
5 Khris Davis
64%
4 Matt Chapman
64%
1 Ike Davis
59%
1 J.D. Davis
59%
6 Marcus Semien
59%
2 Rajai Davis
59%
3 Sean Murphy
59%
3 Seth Brown
59%
3 Stephen Vogt
59%
4 Ramón Laureano
55%
4 Stephen Piscotty
55%
3 Mark Canha
50%
2 Frankie Montas
45%
4 Josh Reddick
45%
3 Kurt Suzuki
45%
2 Sonny Gray
45%
2 Tony Kemp
45%
1 Tyler Soderstrom
45%
3 Yoenis Céspedes
45%
1 Zack Gelof
45%
1 Aledmys Díaz
41%
1 Brett Lawrie
41%
1 Chris Bassitt
41%
1 Christian Pache
41%
1 Esteury Ruiz
41%
1 Gio Urshela
41%
1 Kevin Smith
41%
1 Ryan Noda
41%
2 Seth Smith
41%
4 Eric Sogard
36%
1 Jace Peterson
36%
6 Jed Lowrie
36%
1 Max Muncy
36%
4 Chad Pinder
32%
1 Craig Gentry
32%
1 Miguel Andujar
32%
1 Nick Allen
32%
1 Yonder Alonso
32%
1 Brandon Allen
27%
2 Brandon Moss
27%
1 Brett Anderson
27%
2 Elvis Andrus
27%
2 JJ Bleday
27%
2 John Jaso
27%
1 Mike Fiers
27%
1 Mitch Moreland
27%
1 Alex Wood
23%
1 Ben Zobrist
23%
3 Cliff Pennington
23%
1 Hideki Matsui
23%
1 Jesús Aguilar
23%
1 Jonathan Lucroy
23%
1 Josh Willingham
23%
1 Jurickson Profar
23%
2 Kendall Graveman
23%
2 Kevin Kouzmanoff
23%
2 Matthew Joyce
23%
1 Rich Hill
23%
1 Sam Fuld
23%
1 Ben Sheets
18%
1 Billy Burns
18%
1 Brandon McCarthy
18%
3 Daric Barton
18%
1 David DeJesus
18%
1 Eric Chávez
18%
1 Jemile Weeks
18%
1 Kyle Muller
18%
2 Mark Ellis
18%
1 Trevor Plouffe
18%
1 Danny Valencia
14%
1 Nick Hundley
14%
1 Ryan Sweeney
14%
1 Ryon Healy
14%
1 Trevor Cahill
14%
1 Boog Powell
9%
1 Conner Capel
9%
1 Travis Buck
9%
1 Billy McKinney
5%
No matching quizzes found
Score Distribution
Percent of People with Each Score
Percentile by Number Answered
Your Score History
You have not taken this quiz since the last reset